[Event "GER-chT School WK GS"]
[Site "Playchess.com INT"]
[Date "2020.06.18"]
[Round "5.4"]
[White "Ueberholz, Lasse"]
[Black "Palmer, Finn"]
[Result "0-1"]
[WhiteElo "1422"]
[BlackElo "1494"]
[PlyCount "60"]
[EventDate "2020.06.11"]
[EventType "team-swiss (blitz)"]
[EventRounds "7"]
[EventCountry "GER"]
[SourceTitle "EXT 2021"]
[Source "ChessBase"]
[SourceDate "2020.10.23"]
[SourceVersion "1"]
[SourceVersionDate "2020.10.23"]
[SourceQuality "1"]
[WhiteTeam "Windmuehlen HH"]
[BlackTeam "Lichtenhagen MV"]
[WhiteTeamCountry "GER"]
[BlackTeamCountry "GER"]

1. e4 e5 2. Nf3 Nc6 3. Nc3 Bc5 4. Bc4 h6 5. d3 Nf6 6. Nxe5 Nxe5 7. d4 d6 8. dxc5 dxc5 9. Be2 Qxd1+ 10. Nxd1 0-0 11. 0-0 a6 12. Bf4 Re8 13. Ne3 c6 14. h3 b5 15. b3 Rb8 16. Rab1 b4 17. c3 bxc3 18. b4 cxb4 19. a3 a5 20. axb4 axb4 21. Bxe5 Rxe5 22. Nc4 Rxe4 23. Nd6 Rxe2 24. Nxc8 Rxc8 25. Rxb4 c2 26. Rb2 Nd5 27. g4 Nf4 28. Kh2 Rd8 29. Kg3 g5 30. Kf3 Rd3# 0-1